Loading...
| BB | 0 | 4 | 1 | 0 | 35 | 77 | 101.00 | 1 | 4 | 0.00 | 0.00 |
| MB | 1 | 1 | 0 | 0 | 25 | 65 | 81.50 | 2 | 2 | 0.00 | 0.00 |
| RR | 1 | 1 | 0 | 0 | 25 | 16 | 69.50 | 1 | 2 | 0.00 | 0.00 |
| AR | 0 | 1 | 0 | 0 | 10 | 90 | 90.00 | 0 | 1 | 0.00 | 0.00 |
| AG | 0 | 1 | 1 | 0 | 5 | 93 | 93.00 | 0 | 1 | 0.00 | 0.00 |
| TR | 0 | 0 | 1 | 0 | -5 | 0.00 | 0 | 0 | 0.00 | 0.00 | |
| AW | 0 | 0 | 1 | 0 | -5 | 0.00 | 0 | 0 | 0.00 | 0.00 | |
| DM | 0 | 0 | 1 | 0 | -5 | 0.00 | 0 | 0 | 0.00 | 0.00 |
| RR | core and periphery | 15 | 16 |
| MB | Marcos family | 15 | 65 |
| BB | damping | 10 | 77 |
| AR | Antonio Vivaldi | 10 | 90 |
| BB | length | 10 | 93 |
| AG | landlords | 10 | 93 |
| TR | Darth Vader is Luke’s father | -5 | 97 |
| MB | Gretchen | 10 | 98 |
| BB | palladium | 10 | 99 |
| AG | Rock Hudson | -5 | 101 |